000 00691nam a2200241Ia 4500
001 18468
003 GE_BSU
008 181216s||||||||xx |||||||||||||| ||und||
020 _a9781440536823
040 _cGE_BSU
080 _a331(036)
100 _aYate, Martin
245 _aKnock 'em Dead 2013 the Ultimate Job Search Guide
245 4 _bThe A-Z of cutting-edge job search tactics
260 _aMassachusetts
260 _bAdams Media
260 _c2012
300 _a384p. 23cm.
653 _aKnock 'em Dead 2013 the Ultimate Job Search Guide
653 _aThe A-Z of cutting-edge job search tactics
653 _aშრომა,დასაქმწება
942 _cBK
999 _c51482
_d51482